Hình học vi phân

Gespeichert in:
Bibliographische Detailangaben
1. Verfasser: Đoàn, Quỳnh
Format: Buch
Sprache:Undetermined
Veröffentlicht: Hà Nội Giáo dục 1989
Schlagworte:
Tags: Tag hinzufügen
Keine Tags, Fügen Sie den ersten Tag hinzu!
Thư viện lưu trữ: Trung tâm Học liệu Trường Đại học Cần Thơ
LEADER 00479nam a2200181Ia 4500
001 CTU_1421
008 210402s9999 xx 000 0 und d
082 |a 516.36 
082 |b Qu609 
100 |a Đoàn, Quỳnh 
245 0 |a Hình học vi phân 
245 0 |c Đoàn Quỳnh 
260 |a Hà Nội 
260 |b Giáo dục 
260 |c 1989 
650 |a geometry, differential 
904 |i Minh, 960814 
980 |a Trung tâm Học liệu Trường Đại học Cần Thơ